[Event "Idaho Closed"]
[Site "Boise, ID"]
[Date "2012.02.18"]
[Round "2.7"]
[White "Puderbaugh, Kory"]
[Black "Looney, Daniel S"]
[Result "0-1"]
[WhiteElo "785"]
[BlackElo "1584"]

1. d4 Nf6 2. c4 g6 3. Nc3 Bg7 4. e4 d6 5. Nf3 O-O 6. Be2 e5 7. d5 Na6 8. Be3
Ng4 9. Qd2 f5 10. O-O f4 11. a3 fxe3 12. fxe3 Nc5 13. h3 Nb3 {#R} 0-1

[Event "Idaho Closed"]
[Site "Boise, ID"]
[Date "2012.02.19"]
[Round "3.1"]
[White "Parsons, Larry R"]
[Black "Looney, Daniel S"]
[Result "1/2-1/2"]
[WhiteElo "2000"]
[BlackElo "1584"]

1. c4 Nf6 2. g3 g6 3. Bg2 d6 4. d4 Bg7 5. Nf3 O-O 6. O-O c6 7. Nc3 Na6 8. e4
Bg4 9. h3 Bxf3 10. Bxf3 e5 11. Be3 Nd7 12. d5 Nf6 13. a3 cxd5 14. cxd5 Qd7 15.
Kh2 b6 16. Qa4 Qb7 17. b4 Nc7 18. Nb5 Nxb5 19. Qxb5 Rac8 20. Rac1 Nd7 21. Be2
f5 22. f3 f4 23. Bd2 fxg3+ 24. Kxg3 Nf6 25. Qa6 Nh5+ 26. Kh2 Qd7 27. Bb5 Qd8
28. Rxc8 Qxc8 29. Qxc8 Rxc8 30. Rc1 Rxc1 31. Bxc1 Kf7 32. Bg5 Bf6 33. Be3 {#d}
1/2-1/2

[Event "Idaho Closed"]
[Site "Boise, ID"]
[Date "2012.02.20"]
[Round "6.2"]
[White "Furlow, Blake"]
[Black "Looney, Daniel S"]
[Result "1-0"]
[WhiteElo "1517"]
[BlackElo "1584"]

1. e4 c6 2. d4 d5 3. e5 c5 4. c3 Nc6 5. Bb5 e6 6. Nf3 Bd7 7. O-O Qb6 8. Bxc6
Bxc6 9. b3 O-O-O 10. Nbd2 f6 11. Bb2 Nh6 12. Re1 f5 13. Ng5 Re8 14. Qc2 Qd8
15. Ndf3 Qd7 16. c4 Nf7 17. cxd5 Nxg5 18. Nxg5 Qxd5 19. Nf3 Be7 20. Rac1 Rd8
21. dxc5 Qd3 22. b4 Qxc2 23. Rxc2 Rd3 24. Nd4 Rd8 25. Nxe6 Rd1 26. Rc1 Rxe1+
27. Rxe1 Rd2 28. Bc1 Rxa2 29. Nxg7 Ra1 30. Nxf5 Bg5 31. Bd2 {#r} 1-0

[Event "ICU MVCC Ch (Champ)"]
[Site "Twin Falls, ID"]
[Date "2012.03.24"]
[Round "1.6"]
[White "Bruck, Nick Jon"]
[Black "Looney, Daniel S"]
[Result "0-1"]
[WhiteElo "1454"]
[BlackElo "1633"]

1. c4 g6 2. e3 Bg7 3. Nf3 Nf6 4. Nc3 d6 5. d4 O-O 6. g3 Bf5 7. Bd3 Bxd3 8.
Qxd3 Nc6 9. O-O Qd7 10. b3 Qg4 11. Nd2 e5 12. d5 Nb4 13. Qe2 Qxe2 14. Nxe2 Nd3
15. Kg2 e4 16. Rb1 Ng4 17. Nxe4 Rae8 18. f3 Nxc1 19. Rbxc1 Nxe3+ 20. Kf2 Nxf1
21. Kxf1 h6 22. c5 dxc5 23. Nxc5 Rd8 24. Nxb7 Rxd5 25. Rxc7 Re8 26. Nc5 Rd2
27. Ne4 Rxa2 28. g4 a5 29. h4 Rb8 30. Nc5 Re8 31. Ne4 Rb2 32. Rc5 Rxb3 33.
Rxa5 Rxf3+ 34. Kg2 Re3 35. N2g3 R3xe4 36. Nxe4 Rxe4 37. Ra8+ Kh7 38. Kf3 Re7
39. Ra4 Bf6 40. g5 hxg5 41. hxg5 Bxg5 42. Kg4 Bh6 43. Ra2 Re4+ 44. Kh3 Bg5 45.
Rh2 Rh4+ {#R} 0-1

[Event "ICU MVCC Ch (Champ)"]
[Site "Twin Falls, ID"]
[Date "2012.03.24"]
[Round "2.1"]
[White "Looney, Daniel S"]
[Black "Imamovic, Nedzad"]
[Result "1/2-1/2"]
[WhiteElo "1633"]
[BlackElo "1688"]

1. e4 c5 2. Nc3 d6 3. Nf3 Nf6 4. g3 a6 5. Bg2 Bg4 6. O-O Nc6 7. h3 Bh5 8. g4
Bg6 9. d3 e6 10. a3 Be7 11. Re1 h5 12. e5 Nd7 13. exd6 Bxd6 14. Ng5 Nde5 15.
f4 Nd7 16. f5 Bxf5 17. gxf5 e5 18. Nge4 Be7 19. Nd5 Nd4 20. Nxe7 Qxe7 21. Rf1
O-O-O 22. Be3 f6 23. Bxd4 exd4 24. c3 Ne5 25. cxd4 Rxd4 26. Nxc5 Qxc5 27. Rc1
Rc4+ 28. Kh1 Rxc1 29. Qxc1 Qxc1 30. Rxc1+ Kb8 31. d4 Nd3 32. Rc3 Nxb2 33. Rb3
Nc4 34. Rxb7+ Kc8 35. Ra7 Rd8 36. Ra8+ Kc7 37. Ra7+ Kb6 38. Rb7+ Ka5 39. d5
{#d} 1/2-1/2

[Event "ICU MVCC Ch (Champ)"]
[Site "Twin Falls, ID"]
[Date "2012.03.24"]
[Round "3.1"]
[White "Bartell, Fred"]
[Black "Looney, Daniel S"]
[Result "1-0"]
[WhiteElo "1777"]
[BlackElo "1633"]

1. e4 c6 2. d4 d5 3. Nc3 dxe4 4. Nxe4 g6 5. Bc4 Bg7 6. c3 Nd7 7. Qb3 Nh6 8.
Bxh6 Bxh6 9. Bxf7+ Kf8 10. h4 Nf6 11. Ng5 Qd6 12. Bg8 Nd5 13. Bxd5 cxd5 14.
N1f3 Bxg5 15. Nxg5 h6 16. Nf3 Bg4 17. Ne5 Bf5 18. g4 Be4 19. Rh3 Kg7 20. f3
Rhf8 21. fxe4 Qf6 22. O-O-O Qf4+ 23. Kb1 Qxe4+ 24. Qc2 Qxc2+ 25. Kxc2 Rf2+ 26.
Kb3 Raf8 27. Nd3 Rg2 28. Re1 Rf7 29. g5 hxg5 30. hxg5 Rxg5 31. Rhe3 Kf8 32.
Ne5 Rh7 33. Nd7+ Kg8 34. Rxe7 Rxe7 35. Rxe7 {(The last couple moves have some
problems. Black apparently resigned on move 36.)} {#r} 1-0

[Event "Southern Idaho Open"]
[Site "Twin Falls, ID"]
[Date "2012.11.03"]
[Round "3.7"]
[White "Henderson, Michael"]
[Black "Looney, Daniel S"]
[Result "0-1"]
[WhiteElo "1856"]
[BlackElo "1615"]

1. d4 Nf6 2. c4 g6 3. Nc3 Bg7 4. e4 d6 5. Nf3 O-O 6. h3 e5 7. d5 h6 8. Be2 Nh7
9. Bd2 f5 10. exf5 Bxf5 11. Be3 Nf6 12. Nh4 Qe8 13. Nxf5 gxf5 14. f3 Nbd7 15.
Nb5 Qd8 16. Nxa7 Rxa7 17. Bxa7 b6 18. b4 Nh5 19. Qa4 e4 20. Rd1 Ng3 21. Rg1
Bc3+ 22. Kf2 Qg5 23. Rge1 e3+ 24. Kg1 Ne5 25. c5 Bxe1 26. Rxe1 Nxe2+ 27. Rxe2
Nxf3+ 28. Kf1 Nd4 29. cxb6 Nxe2 30. b7 Nf4 31. g4 e2+ 32. Ke1 Qh4+ {#R} 0-1

[Event "MVCC Ch (Championship)"]
[Site "Twin Falls, Idaho"]
[Date "2013.03.23"]
[Round "2.3"]
[White "Looney, Daniel S"]
[Black "Rambo, Alan Gene"]
[Result "1/2-1/2"]
[WhiteElo "1624"]
[BlackElo "1715"]

1. e4 c5 2. Nc3 d6 3. f4 a6 4. Nf3 Nc6 5. Be2 Nf6 6. O-O e6 7. d3 Bd7 8. e5
dxe5 9. fxe5 Ng4 10. Ng5 Ncxe5 11. Bf4 Be7 12. Bxe5 Nxe5 13. Nge4 Bc6 14. Bh5
Qd4+ 15. Kh1 O-O-O 16. Bxf7 Nxf7 17. Rxf7 Bf6 18. Qg4 Bd7 19. Nxf6 gxf6 20.
Qg7 f5 21. Qxd4 cxd4 22. Ne2 {#d} 1/2-1/2

[Event "MVCC Ch (Championship)"]
[Site "Twin Falls, Idaho"]
[Date "2013.03.23"]
[Round "3.4"]
[White "Baggett, Jeff M"]
[Black "Looney, Daniel S"]
[Result "1-0"]
[WhiteElo "1636"]
[BlackElo "1624"]

1. e4 c6 2. d4 d5 3. e5 c5 4. c3 Nc6 5. Nf3 Bg4 6. Bb5 cxd4 7. cxd4 e6 8. O-O
Qb6 9. Bxc6+ bxc6 10. h3 Bxf3 11. Qxf3 Qxd4 12. Nc3 Qxe5 13. Bf4 Qf6 14. Qg3
Qd8 15. Ne2 Nf6 16. Be5 g6 17. Qc3 Be7 18. Qxc6+ Kf8 19. Rfd1 Kg7 20. Ng3 Re8
21. Ne4 Kg8 22. Nd6 Bxd6 23. Bxd6 Rc8 24. Qa6 Qb6 25. Qxb6 axb6 26. f3 Rc6 27.
Be5 Nd7 28. Bc3 Rec8 29. a3 Nc5 30. Rab1 Nb3 31. Kf2 Rc4 32. g4 d4 33. Bb4
Rc2+ 34. Kg3 e5 35. g5 Nc5 36. h4 Ne6 37. Bd6 Re2 38. b4 Rcc2 39. Rg1 d3 40.
f4 Nd4 41. Bxe5 Nf5+ 42. Kg4 Ne3+ 43. Kf3 Nc4 44. a4 Re3+ 45. Kg4 Nxe5+ 46.
fxe5 Rxe5 47. Kf4 Rd5 48. Ke4 Rd8 49. a5 Re2+ 50. Kf3 Re6 51. a6 Ra8 52. b5 d2
53. Rgd1 Rd8 54. a7 Rd3+ 55. Kf2 {#r} 1-0

[Event "SIO (Open)"]
[Site "Twin Falls, ID"]
[Date "2013.11.02"]
[Round "1.2"]
[White "Gorman, Cody Austin"]
[Black "Looney, Daniel S"]
[Result "1-0"]
[WhiteElo "1753"]
[BlackElo "1625"]
[EventRounds "4"]
[EventCountry "USA"]

1. b3 d5 2. Bb2 Nf6 3. Nf3 Bg4 4. Ne5 h5 5. Nxg4 hxg4 6. e3 e6 7. Be2 Bd6 8.
g3 Nc6 9. Bxg4 Qe7 10. c4 Ne5 11. Be2 dxc4 12. bxc4 O-O-O 13. Qa4 Nc6 14. Bf3
Nb4 15. Ke2 e5 16. a3 Nd3 17. Bxb7+ Kxb7 18. Qb3+ Ka8 19. Qxd3 Bc5 20. Qf5 Rh5
21. Qc2 Qe6 22. d3 Qg4+ 23. f3 Qh3 24. Kf2 Rf5 25. Nd2 Ng4+ 26. Ke1 Nxe3 27.
Qa4 Rd6 28. Ne4 Qg2 29. Qe8+ Kb7 30. Nxc5+ Kb6 31. Qb5# 1-0

[Event "Idaho Closed"]
[Site "Twin Falls, ID"]
[Date "2014.02.15"]
[Round "2.6"]
[White "Looney, Daniel S"]
[Black "Bartell, Fred"]
[Result "0-1"]
[WhiteElo "1615"]
[BlackElo "1700"]
[EventRounds "6"]
[EventCountry "USA"]

1. e4 c6 2. d4 g6 3. Nc3 Bg7 4. Be3 d6 5. Be2 Nf6 6. Qd2 Ng4 7. O-O-O Nxe3 8.
Qxe3 Nd7 9. e5 Qc7 10. e6 fxe6 11. Qxe6 Ne5 12. Qb3 Ng4 13. Bxg4 Bxg4 14. f3
Bf5 15. g4 Bd7 16. Nh3 Rf8 17. Ng5 Bh6 18. h4 Rxf3 19. Qg8+ Rf8 20. Qxh7 Bxg5+
21. hxg5 O-O-O 22. Qxg6 Bxg4 23. Qe4 Bxd1 24. Kxd1 d5 25. Qg4+ Qd7 26. Qg3 Qf5
27. Re1 Qf3+ 28. Qxf3 Rxf3 29. Rxe7 Rg3 30. Na4 Rd7 31. Re8+ Kc7 32. Nc5 Rh7
33. Re5 Rh2 34. Re1 b6 35. Re7+ Kd8 36. Re2 Rxe2 37. Kxe2 bxc5 {#R} 0-1

[Event "Idaho Closed"]
[Site "Twin Falls, ID"]
[Date "2014.02.16"]
[Round "3.9"]
[White "Murphy, Andre R"]
[Black "Looney, Daniel S"]
[Result "1/2-1/2"]
[WhiteElo "837"]
[BlackElo "1615"]
[EventRounds "6"]
[EventCountry "USA"]

1. d4 Nf6 2. Nf3 d5 3. e3 Bg4 4. Bd3 g6 5. h3 Bxf3 6. Qxf3 Bg7 7. O-O e6 8.
Nd2 Nc6 9. c3 O-O 10. b3 Re8 11. Bb2 e5 12. dxe5 Nxe5 13. Qe2 Nxd3 14. Qxd3
Qe7 15. Nf3 Rad8 16. c4 dxc4 17. Qxc4 h6 18. Nh4 Kh7 19. Qc3 Rg8 20. Qe5 Qf8
21. Qxc7 Nd5 22. Qc1 Rc8 23. Qd2 Nc3 24. Qe1 Qb4 25. Rc1 Rgd8 26. Nf3 Rd5 27.
Nd4 Rdc5 28. a3 Qb6 29. Rxc3 Rxc3 30. Bxc3 Qc7 31. Bb2 Qd7 32. Qb4 Re8 33. Qa4
b5 34. Qa5 Re4 35. Rc1 Qe8 36. Re1 b4 37. Qxb4 Qe5 38. Qd2 Qh5 39. Qe2 Qd5 40.
Qc4 Qd7 41. Qe2 Rh4 42. Qf3 g5 {We only have one score sheet, and likely is
that there are more moves than is shown here.--Jeff Roland} {#d} 1/2-1/2

[Event "Idaho Closed"]
[Site "Twin Falls, ID"]
[Date "2014.02.17"]
[Round "5.8"]
[White "Simonson, Jay L"]
[Black "Looney, Daniel S"]
[Result "0-1"]
[WhiteElo "710"]
[BlackElo "1615"]
[EventRounds "6"]
[EventCountry "USA"]

1. e4 d6 2. d4 Nf6 3. Nc3 g6 4. Nf3 Bg7 5. Bc4 O-O 6. O-O a6 7. h3 e5 8. dxe5
dxe5 9. Nxe5 Qxd1 10. Rxd1 Nxe4 11. Bf4 Nxc3 12. Bxf7+ Rxf7 13. Rd8+ Rf8 14.
Rxf8+ Kxf8 15. bxc3 Bf5 16. Rc1 Nd7 17. Nxd7+ Bxd7 18. c4 Re8 19. Bxc7 Rc8 20.
Bd6+ Kf7 21. c5 Bf8 22. Rd1 Bxd6 23. cxd6 b5 24. Re1 Re8 25. Kf1 Rxe1+ 26.
Kxe1 Ke6 27. Kd2 Kd5 28. Kc3 a5 29. Kb3 Kc5 30. c3 Kxd6 31. a3 Kd5 32. g4 Ke4
33. c4 Be6 34. a4 Bxc4+ 35. Ka3 b4+ 36. Kb2 Kf3 37. Kc2 Kxf2 38. h4 h5 39. g5
Kg3 40. Kd2 Kxh4 41. Ke3 Kxg5 42. Kd4 b3 43. Kc3 h4 {#R} 0-1

[Event "Idaho Closed"]
[Site "Twin Falls, ID"]
[Date "2014.02.17"]
[Round "6.6"]
[White "Douglas, Kurt P"]
[Black "Looney, Daniel S"]
[Result "1/2-1/2"]
[WhiteElo "1668"]
[BlackElo "1615"]
[EventRounds "6"]
[EventCountry "USA"]

1. e4 d6 2. d4 Nf6 3. Nc3 g6 4. Nf3 Bg7 5. h3 O-O 6. Be3 a6 7. Qd2 e5 8. dxe5
dxe5 9. O-O-O Qxd2+ 10. Rxd2 Nc6 11. Bc4 Na5 12. Bd3 Re8 13. Rhd1 Nc6 14. a3
b5 15. b4 Bb7 16. Nh2 Nd4 17. f3 Rac8 18. Kb1 c5 {#d} 1/2-1/2

[Event "MVCC (Championship)"]
[Site "Twin Falls, ID"]
[Date "2014.03.22"]
[Round "1.4"]
[White "Knoll, Lucas"]
[Black "Looney, Daniel S"]
[Result "0-1"]
[WhiteElo "1250"]
[BlackElo "1611"]
[EventRounds "4"]
[EventCountry "USA"]

1. e4 c6 2. d4 d5 3. e5 c5 4. c3 Nc6 5. Bb5 Bf5 6. Bxc6+ bxc6 7. Nf3 e6 8. Be3
cxd4 9. Nxd4 Bxb1 10. Rxb1 Qc7 11. Qa4 Ne7 12. Bg5 Qxe5+ 13. Be3 Qc7 14. c4 e5
15. Ne2 d4 16. Bd2 Nf5 17. O-O Be7 18. Rbe1 O-O 19. Ba5 Qb7 20. Nc1 Bd6 21.
Nd3 Rfe8 22. c5 Bc7 23. Bxc7 Qxc7 24. Nb4 Re6 25. Na6 Qd7 26. f4 e4 27. Qc2
Ne3 28. Rxe3 dxe3 29. Rd1 Qe7 30. Re1 Rd8 31. Rxe3 Qd7 32. Re1 e3 33. Nb4 Qd2
34. Rd1 Qxd1+ {#R} 0-1

[Event "MVCC (Championship)"]
[Site "Twin Falls, ID"]
[Date "2014.03.22"]
[Round "2.1"]
[White "Looney, Daniel S"]
[Black "Bartell, Fred"]
[Result "1/2-1/2"]
[WhiteElo "1611"]
[BlackElo "1762"]
[EventRounds "4"]
[EventCountry "USA"]

1. e4 e6 2. d3 b6 3. Nf3 Bb7 4. Be2 Be7 5. O-O Nc6 6. Bf4 h6 7. Nc3 d6 8. d4
Qd7 9. d5 Nd8 10. Re1 e5 11. Bb5 c6 12. dxc6 Bxc6 13. Bxc6 Nxc6 14. Bg3 Nf6
15. Qd2 O-O 16. Rad1 Rfd8 17. Nd5 Nxd5 18. Qxd5 Nb4 19. Qb3 Nc6 20. Bxe5 Na5
21. Qd3 Qa4 {#d} 1/2-1/2

[Event "Idaho Closed"]
[Site "Twin Falls, ID"]
[Date "2016.02.14"]
[Round "3.11"]
[White "Looney, Daniel"]
[Black "Nyblade III, Wesley"]
[Result "1/2-1/2"]
[WhiteElo "1573"]
[BlackElo "1217"]
[EventRounds "6"]
[EventCountry "USA"]

1. e4 d6 2. Nc3 Nd7 3. f4 b6 4. Nf3 Bb7 5. Bc4 Ngf6 6. d3 e6 7. O-O Be7 8. Be3
O-O 9. Qe2 Ng4 10. Ng5 Nxe3 11. Qxe3 d5 12. exd5 exd5 13. Bxd5 Bxd5 14. Nxd5
Re8 15. Qh3 h6 16. Ne4 c6 17. Nxe7+ Qxe7 18. Rae1 Nc5 19. Qf3 Nxe4 20. Rxe4
Qc5+ 21. Qf2 Qd5 22. Rxe8+ Rxe8 23. b3 Re6 24. Re1 Rxe1+ 25. Qxe1 Qd4+ 26. Qf2
Qa1+ 27. Qf1 Qxa2 28. Qe2 {#d} 1/2-1/2

[Event "Idaho Closed"]
[Site "Twin Falls, ID"]
[Date "2016.02.14"]
[Round "4.10"]
[White "Bartell, Fred"]
[Black "Looney, Daniel"]
[Result "1-0"]
[WhiteElo "1660"]
[BlackElo "1573"]
[EventRounds "6"]
[EventCountry "USA"]

1. c4 d5 2. cxd5 Qxd5 3. Nc3 Qd8 4. e4 Nf6 5. Bc4 Bg4 6. Qb3 e6 7. h3 Bh5 8.
Qxb7 Nbd7 9. Qc6 Bd6 10. Nb5 O-O 11. Nxd6 cxd6 12. Qxd6 Nxe4 13. Qd4 Nef6 14.
Be2 Qc7 15. Qh4 Bxe2 16. Nxe2 Qe5 17. d4 Qb5 18. Nc3 Qc4 19. Bd2 Rab8 20. b3
Qd3 21. Rd1 Nd5 22. Nxd5 exd5 23. Be3 Qc3+ 24. Bd2 Rfe8+ 25. Kf1 Qc2 26. Qg4
Nf6 27. Qf3 Ne4 28. Bf4 Rbc8 29. Kg1 Qxa2 30. Kh2 Rc3 31. Be3 Qxb3 32. Rb1 Qa3
33. Rb7 Qd6+ 34. g3 Rc7 35. Rhb1 Rxb7 36. Rxb7 a5 37. Qxf7+ {#r} 1-0